[Event "RUS-ch Seniors"]
[Site "Odintsovo"]
[Date "2011.04.22"]
[Round "4"]
[White "Filin, Alexander"]
[Black "Malov, Lev Pavlovich"]
[Result "0-1"]
[WhiteElo "2190"]
[BlackElo "1985"]
[PlyCount "144"]
[EventDate "2011.04.19"]
[EventType "swiss"]
[EventRounds "9"]
[EventCountry "RUS"]
[SourceTitle "CBM 142 Extra"]
[Source "ChessBase"]
[SourceDate "2011.06.27"]
[SourceVersion "1"]
[SourceVersionDate "2011.06.27"]
[SourceQuality "1"]

1. c4 e6 2. d4 d5 3. Nc3 c6 4. e3 Nf6 5. Nf3 Bd6 6. Qc2 Nbd7 7. cxd5 exd5 8. Bd3 0-0 9. 0-0 Re8 10. Bf5 Nf8 11. a3 Bxf5 12. Qxf5 Qd7 13. Qxd7 N8xd7 14. Bd2 h6 15. Rfd1 Ne4 16. Be1 Ndf6 17. Ne2 a6 18. Nc1 Kf8 19. Nd3 Nd7 20. Nh4 g6 21. Rac1 Kg7 22. Bb4 Bxb4 23. Nxb4 a5 24. Nd3 a4 25. Nf3 f6 26. Nd2 Nxd2 27. Rxd2 Ra5 28. Rdc2 Rea8 29. Kf1 Kf7 30. Ke2 Rb5 31. Nb4 Nb6 32. Kd1 f5 33. Re2 Nc4 34. Rcc2 Re8 35. Kc1 Ra5 36. Nd3 Re7 37. g3 Ra8 38. Re1 Na5 39. Ne5+ Kf6 40. f4 Rc8 41. g4 Nb3+ 42. Kd1 c5 43. dxc5 Rxc5 44. Rxc5 Nxc5 45. gxf5 Kxf5 46. Ke2 g5 47. Kf3 gxf4 48. exf4 Ne6 49. Nd3 Nd4+ 50. Kf2 Rxe1 51. Kxe1 Nf3+ 52. Kf2 Nxh2 53. Kg2 Ng4 54. Kf3 Nf6 55. Nc5 b5 56. Na6 Ne8 57. Nc5 Nc7 58. b4 Ne6 59. Nb7 Nd4+ 60. Kg3 Ke6 61. Kg4 Nc2 62. Kh5 Nxa3 63. Kg6 Nc4 64. f5+ Kd7 65. Nc5+ Kc6 66. f6 d4 67. Kg7 Nd6 68. Kg6 a3 69. Ne4 a2 70. Nxd6 a1Q 71. f7 Qg1+ 72. Kxh6 Qh2+ 0-1

[Event "Moscow op-E"]
[Site "Moscow"]
[Date "2011.02.04"]
[Round "7.222"]
[White "Malov, Lev Pavlovich"]
[Black "Bilan, Danila"]
[Result "0-1"]
[WhiteElo "2029"]
[BlackElo "1805"]
[PlyCount "150"]
[EventDate "2011.01.29"]
[EventType "swiss"]
[EventRounds "9"]
[EventCountry "RUS"]
[SourceTitle "EXT 2022"]
[Source "ChessBase"]
[SourceDate "2021.10.06"]
[SourceVersion "1"]
[SourceVersionDate "2021.10.06"]
[SourceQuality "1"]

1. Nf3 Nf6 2. d4 g6 3. b3 Bg7 4. Bb2 d6 5. e3 0-0 6. Be2 Nbd7 7. 0-0 c5 8. c4 a6 9. d5 Rb8 10. a4 Nb6 11. Qc2 Bf5 12. Bd3 Bxd3 13. Qxd3 Qd7 14. Nbd2 Na8 15. Ra2 Nc7 16. e4 Rfe8 17. e5 Ng4 18. exd6 exd6 19. Bxg7 Kxg7 20. Ne4 f5 21. Qc3+ Kg8 22. Nf6+ Nxf6 23. Qxf6 Re7 24. Re1 Rxe1+ 25. Nxe1 Re8 26. Kf1 Qe7 27. Qxe7 Rxe7 28. Re2 Kf7 29. f4 Ne8 30. Nf3 h6 31. Nh4 Rxe2 32. Kxe2 Nf6 33. Kd3 Nh5 34. g3 Nf6 35. Nf3 Ne4 36. Ke3 Nf6 37. Kd3 Ne4 38. Ke3 Kf6 39. Kd3 g5 40. Ke3 Kg6 41. a5 Kh5 42. fxg5 hxg5 43. Nd2 Nf6 44. h3 Nd7 45. Nf1 Ne5 46. Nd2 g4 47. h4 Ng6 48. Kf2 Ne5 49. Ke3 Ng6 50. Nf1 f4+ 51. gxf4 Nxh4 52. Ng3+ Kg6 53. Ke4 Nf3 54. Kd3 Nd4 55. b4 Nb3 56. Kc3 Nd4 57. bxc5 dxc5 58. Kd3 Nb3 59. Ne4 Kf5 60. d6 Nxa5 61. d7 Nc6 62. Nxc5 Kxf4 63. Ne6+ Kf3 64. d8Q Nxd8 65. Nxd8 g3 66. Ne6 g2 67. Nd4+ Kf2 68. Ne2 g1Q 69. Nxg1 Kxg1 70. Kd4 Kf2 71. Kc5 Ke3 72. Kb6 Kd4 73. c5 a5 74. Kxa5 Kxc5 75. Ka4 Kc4 0-1

[Event "Moscow op-E"]
[Site "Moscow"]
[Date "2011.01.29"]
[Round "1.51"]
[White "Malov, Lev Pavlovich"]
[Black "Stukopin, Andrey"]
[Result "0-1"]
[WhiteElo "2029"]
[BlackElo "2462"]
[PlyCount "88"]
[EventDate "2011.01.29"]
[EventType "swiss"]
[EventRounds "9"]
[EventCountry "RUS"]
[SourceTitle "EXT 2022"]
[Source "ChessBase"]
[SourceDate "2021.10.06"]
[SourceVersion "1"]
[SourceVersionDate "2021.10.06"]
[SourceQuality "1"]

1. Nf3 d5 2. d4 Nf6 3. e3 Bg4 4. Be2 e6 5. Ne5 Bxe2 6. Qxe2 c6 7. 0-0 Bd6 8. Nd3 Qc7 9. h3 Nbd7 10. b3 0-0 11. Bb2 e5 12. dxe5 Nxe5 13. Nd2 Rfe8 14. Nxe5 Bxe5 15. Bxe5 Qxe5 16. Nf3 Qe7 17. c4 Rad8 18. Rfd1 Rd7 19. cxd5 Nxd5 20. Qb2 Rd6 21. e4 Nf4 22. Rxd6 Qxd6 23. Qd2 Qf6 24. e5 Nxh3+ 25. Kh2 Qf5 26. Qe3 Nf4 27. Kg1 Qg4 28. g3 Nd5 29. Qd3 Re6 30. Re1 Rh6 31. Qe4 Qxe4 32. Rxe4 Re6 33. Nd4 Re7 34. Nf5 Rd7 35. Rd4 g6 36. Ne3 Kf8 37. f4 Ke7 38. Nxd5+ Rxd5 39. Rxd5 cxd5 40. Kf2 f6 41. exf6+ Kxf6 42. g4 h5 43. Kg3 d4 44. f5 d3 0-1

[Event "RSSU-18 op"]
[Site "Moscow"]
[Date "2009.10.22"]
[Round "4"]
[White "Liapustin, Anatoly"]
[Black "Malov, Lev Pavlovich"]
[Result "0-1"]
[WhiteElo "1862"]
[BlackElo "2031"]
[PlyCount "140"]
[EventDate "2009.10.17"]
[EventType "swiss"]
[EventRounds "9"]
[EventCountry "RUS"]
[SourceTitle "EXT 2022"]
[Source "ChessBase"]
[SourceDate "2021.10.06"]
[SourceVersion "1"]
[SourceVersionDate "2021.10.06"]
[SourceQuality "1"]

1. Nf3 d5 2. c4 e6 3. b3 Nf6 4. Bb2 c6 5. g3 Be7 6. Bg2 0-0 7. 0-0 Nbd7 8. d3 Qc7 9. Nbd2 h6 10. a3 a5 11. Rc1 Nh7 12. Re1 Bf6 13. Qc2 Bxb2 14. Qxb2 Qd8 15. c5 Qf6 16. d4 Qe7 17. e4 dxe4 18. Nxe4 Nhf6 19. Nd6 Nd5 20. h3 b5 21. Qd2 a4 22. b4 Qd8 23. Re2 Qc7 24. Rce1 N7b6 25. Rc1 Nc4 26. Nxc4 bxc4 27. Ne5 c3 28. Qc2 Ba6 29. Ree1 Bc8 30. Bxd5 exd5 31. Kg2 g6 32. Qxc3 Kg7 33. f4 Bf5 34. Kh2 f6 35. Nf3 h5 36. Nh4 Be4 37. Rf1 g5 38. Ng2 Kh6 39. Rf2 Rae8 40. Rcf1 g4 41. hxg4 hxg4 42. f5 Bxg2 43. Kxg2 Qe7 44. Rf4 Kg5 45. Qd2 Qe3 46. R4f2 Qxd2 47. Rxd2 Re3 48. Ra1 Rfe8 49. Kf2 Rf3+ 50. Kg1 Rxg3+ 51. Rg2 Rd3 52. Rc1 Rxd4 53. b5 cxb5 54. Rb2 Rb8 55. Rcb1 Kxf5 56. Rxb5 Rxb5 57. Rxb5 Ke5 58. Ra5 f5 59. Kf2 f4 60. Ra8 Rc4 61. Rc8 Rc2+ 62. Kf1 g3 63. c6 f3 64. Re8+ Kd4 65. Ke1 Rxc6 66. Kd2 Rc3 67. Kd1 Rxa3 68. Rg8 g2 69. Rg4+ Ke3 70. Rg3 g1Q+ 0-1

[Event "Moscow op-B"]
[Site "Moscow"]
[Date "2009.02.05"]
[Round "6"]
[White "Malov, Lev Pavlovich"]
[Black "Chapurin, Alexey V"]
[Result "0-1"]
[WhiteElo "2036"]
[BlackElo "2280"]
[PlyCount "96"]
[EventDate "2009.01.31"]
[EventType "swiss"]
[EventRounds "9"]
[EventCountry "RUS"]
[SourceTitle "EXT 2012"]
[Source "ChessBase"]
[SourceDate "2011.11.24"]
[SourceVersion "1"]
[SourceVersionDate "2011.11.24"]
[SourceQuality "1"]

1. d4 d5 2. Nc3 g6 3. Bg5 Bg7 4. Qd2 c6 5. 0-0-0 b5 6. Kb1 a5 7. f3 h6 8. Bf4 Nf6 9. Be5 Nbd7 10. Bxf6 Nxf6 11. e3 Qb6 12. e4 dxe4 13. Nxe4 Nxe4 14. fxe4 0-0 15. Nf3 Rd8 16. Be2 e5 17. c3 b4 18. Ka1 bxc3 19. bxc3 exd4 20. cxd4 c5 21. Qb2 Qxb2+ 22. Kxb2 cxd4 23. Bd3 Rb8+ 24. Kc2 Be6 25. Rb1 Rdc8+ 26. Kd2 Bxa2 27. Rxb8 Rxb8 28. Rc1 Rb2+ 29. Rc2 Rxc2+ 30. Kxc2 Be6 31. Bb5 f5 32. e5 Bd5 33. Kd3 Bxf3 34. gxf3 Bxe5 35. h3 Kf7 36. Kc4 Ke6 37. Kc5 Bf6 38. f4 g5 39. Bc4+ Kd7 40. Bd3 gxf4 41. Bxf5+ Ke8 42. Be4 Kf7 43. Kb5 Bd8 44. Kc5 Kf6 45. Kxd4 Bb6+ 46. Kc4 Kg5 47. Kd3 Kh4 48. Ke2 Kxh3 0-1

[Event "RUS-ch Seniors"]
[Site "Odintsovo"]
[Date "2008.10.06"]
[Round "4"]
[White "Malov, Lev Pavlovich"]
[Black "Zhukov, Viktor Andreevich"]
[Result "1/2-1/2"]
[WhiteElo "2042"]
[BlackElo "2182"]
[PlyCount "77"]
[EventDate "2008.10.02"]
[EventType "swiss"]
[EventRounds "9"]
[EventCountry "RUS"]
[SourceTitle "CBM 127 Extra"]
[Source "ChessBase"]
[SourceDate "2009.01.08"]
[SourceVersion "2"]
[SourceVersionDate "2009.01.28"]
[SourceQuality "1"]

1. d4 Nf6 2. Nf3 d6 3. Nc3 g6 4. Bg5 Bg7 5. e3 Nbd7 6. Bd3 c6 7. 0-0 0-0 8. Qe2 e5 9. dxe5 dxe5 10. Ne4 Qc7 11. Nxf6+ Nxf6 12. Bxf6 Bxf6 13. e4 Bg7 14. Rfe1 Qe7 15. a4 Bd7 16. c3 Rae8 17. Bc4 Kh8 18. Rad1 Bc8 19. b4 f5 20. Bd3 c5 21. Bb5 fxe4 22. Nd2 Rd8 23. Nxe4 Rxd1 24. Rxd1 cxb4 25. cxb4 Qxb4 26. Qc4 Qe7 27. Qc5 Qxc5 28. Nxc5 b6 29. Ne4 Be6 30. Rd6 Bf5 31. f3 Bh6 32. Bc6 Rc8 33. Bd5 Be3+ 34. Kf1 Bd4 35. g4 Rc1+ 36. Kg2 Rc2+ 37. Kh1 Bxe4 38. fxe4 Be3 39. h4 1/2-1/2

[Event "RUS-ch Seniors"]
[Site "Odintsovo"]
[Date "2008.10.02"]
[Round "1"]
[White "Dommes, Vladimir M"]
[Black "Malov, Lev Pavlovich"]
[Result "1/2-1/2"]
[WhiteElo "2264"]
[BlackElo "2042"]
[PlyCount "133"]
[EventDate "2008.10.02"]
[EventType "swiss"]
[EventRounds "9"]
[EventCountry "RUS"]
[SourceTitle "CBM 127 Extra"]
[Source "ChessBase"]
[SourceDate "2009.01.08"]
[SourceVersion "2"]
[SourceVersionDate "2009.01.28"]
[SourceQuality "1"]

1. d4 d5 2. c4 Be6 3. cxd5 Bxd5 4. Nc3 Nf6 5. Bg5 Ne4 6. Nxe4 Bxe4 7. f3 Bc6 8. e4 h6 9. Be3 e6 10. a3 Be7 11. Bc4 0-0 12. Ne2 a6 13. 0-0 Bb5 14. Rc1 Bxc4 15. Rxc4 c6 16. Qb3 Qc8 17. f4 Nd7 18. f5 exf5 19. Rxf5 Nf6 20. Qd3 Qd7 21. Ng3 Ne8 22. Qd2 Nd6 23. Rc1 Nxf5 24. Nxf5 Qe6 25. Qd3 Bg5 26. Bxg5 hxg5 27. e5 Rad8 28. Qf3 g6 29. Nd6 Rxd6 30. exd6 Qxd6 31. Qe3 Qf4 32. Qxf4 gxf4 33. Re1 f6 34. Kf2 Kf7 35. Kf3 g5 36. h4 Rd8 37. Re4 Rd5 38. hxg5 fxg5 39. Kg4 Kf6 40. Re8 Rxd4 41. Rf8+ Ke7 42. Rb8 Rd2 43. Rxb7+ Kf6 44. Kf3 Rd3+ 45. Ke2 Re3+ 46. Kf2 g4 47. Rb6 g3+ 48. Kf1 Re6 49. Rxa6 Kf5 50. Ra5+ Kg4 51. Ra8 Rh6 52. Rg8+ Kf5 53. Rf8+ Ke4 54. Ke2 Rh1 55. Re8+ Kd5 56. Rf8 Rg1 57. Kf3 Rf1+ 58. Kg4 Rf2 59. Rf5+ Ke4 60. Rf8 Rxg2 61. Rxf4+ Kd5 62. Rb4 c5 63. Rb8 Rg1 64. Kf3 c4 65. Rd8+ Kc5 66. Rc8+ Kd4 67. Rd8+ 1/2-1/2

[Event "Moscow op-B 04th"]
[Site "Moscow"]
[Date "2008.02.09"]
[Round "8"]
[White "Voronov, Vadim"]
[Black "Malov, Lev Pavlovich"]
[Result "1-0"]
[WhiteElo "1973"]
[BlackElo "2103"]
[PlyCount "75"]
[EventDate "2008.02.02"]
[EventType "swiss"]
[EventRounds "9"]
[EventCountry "RUS"]
[SourceTitle "CBM 122 Extra"]
[Source "ChessBase"]
[SourceDate "2008.03.04"]
[SourceVersion "1"]
[SourceVersionDate "2008.03.04"]
[SourceQuality "1"]

1. e4 d5 2. exd5 Qxd5 3. Nc3 Qa5 4. d4 e5 5. dxe5 Bb4 6. Bd2 Nc6 7. a3 Qxe5+ 8. Be2 Ba5 9. Nf3 Qf6 10. 0-0 Nge7 11. Nb5 Bb6 12. Bg5 Qf5 13. Bd3 Qd5 14. Bf4 Qd8 15. Bc4 Bd7 16. Ng5 0-0 17. Qh5 Bf5 18. Nxf7 Rxf7 19. Qxf7+ Kh8 20. Rad1 Qc8 21. c3 a6 22. Nd4 Bg6 23. Qe6 Qf8 24. Be3 Bxd4 25. Bxd4 Bf5 26. Qe3 Bc2 27. Rd2 Nf5 28. Qf4 Ncxd4 29. cxd4 Ba4 30. Be6 Nd6 31. Qxf8+ Rxf8 32. b3 Be8 33. d5 Bf7 34. Rc1 Ne4 35. Rdc2 Bxe6 36. dxe6 c6 37. Re2 Nd6 38. Rd1 1-0